000 00547nam a22001817a 4500
003 CEME
005 20210628210515.0
008 210209b xxu||||| |||| 00| 0 eng d
020 _a0-07-065329-1
040 _c.
082 _a621.3193 TRA
100 _aTraister, John E
_978646
245 _aIndustrial electrical wiringdesign installation and maintenance
260 _aNEW YORK
_bMCGRAW HILL
_c1997
300 _a539P
650 _aELECTRICAL WIRING-INDUSTRIAL ELECTRICAL WIRING-DESIGN INSTALLATION AND MAINTENANC
_979689
942 _cBK
_2ddc
999 _c584696
_d584696